Normal view MARC view
  • UK Timber Frame Association

Entry Corporate Name

Number of records used in: 3

001 - CONTROL NUMBER

  • control field: 5010

003 - CONTROL NUMBER IDENTIFIER

  • control field: SIRSI

005 - DATE AND TIME OF LATEST TRANSACTION

  • control field: 20190806150239.0

008 - FIXED-LENGTH DATA ELEMENTS

  • fixed length control field: 060814n| aaannaabn |n ana d

040 ## - CATALOGING SOURCE

  • Original cataloging agency: OSt
  • Transcribing agency: OSt

110 2# - HEADING--CORPORATE NAME

  • Corporate name or jurisdiction name as entry element: UK Timber Frame Association

670 ## - SOURCE DATA FOUND

  • Source citation: Timber frame dwellings, 2006